[Event "Ubeda"]
[Site "Ubeda"]
[Date "1997.02.14"]
[Round "5"]
[White "Khalifman, Alexander"]
[Black "Kortschnoj, Viktor Lvovich"]
[Result "1/2-1/2"]
[WhiteElo "2650"]
[BlackElo "2635"]
[Annotator "Mikhalevski,V"]
[PlyCount "56"]
[EventDate "1997.02.07"]
[EventType "tourn"]
[EventRounds "11"]
[EventCountry "ESP"]
[EventCategory "16"]
[SourceTitle "CBM 058"]
[Source "ChessBase"]
[SourceDate "1997.06.01"]
[SourceVersion "1"]
[SourceVersionDate "1997.06.01"]
[SourceQuality "1"]

1. e4 {Hansen,Cu} e5 2. Nf3 Nc6 3. Bb5 Nf6 4. O-O Nxe4 5. d4 a6 6. Ba4 b5 7.
Bb3 d5 8. dxe5 Be6 9. Be3 Be7 10. c3 Nc5 11. Bc2 Nd7 {Hansen: This is supposed
to be the most modern line compared to the slightly older 11..Bg4. Even though
the textmove was played already in 1896 by Winaver. Judging from this game 11..
Nd7 seems to be an easy way to equality.} 12. Re1 (12. Bf4 $6 {Hansen,Cu} g5 $1
) 12... Ndxe5 13. Nxe5 Nxe5 14. Bd4 Ng6 15. Bxg7 ({Ernst} 15. Qh5 O-O (15...
Qd7 16. Bxg7 Rg8 17. Qxh7 O-O-O $13) 16. f4 c5 17. Bf2 Bd6 18. f5 Nf4 19. Qg4
Bd7 20. g3 h5 $17) 15... Rg8 16. Bxg6 Rxg7 17. Rxe6 (17. Bh5 Kf8 18. Nd2 Bd6
19. Nf1 Qf6 20. Bf3 Rd8 21. Ng3 Rg5 22. a4 Kg8 23. axb5 axb5 24. Ra5 b4 25. Qd3
bxc3 26. bxc3 c5 $11 {Morozevich,A-Flear,G/Hyeres op 1992/1/2-1/2 (53)}) (17.
Bd3 Kf8 18. Nd2 Bd6 19. Nf1 Qh4 20. g3 Qg5 $14) 17... hxg6 (17... Rxg6 $2 18.
Re1 $16) 18. Re2 (18. Re5 c6 19. Nd2 Kf8 20. Nf3 (20. Qe2 Bd6 21. Re3 Rh7 22.
h3 Bf4 23. Rd3 Kg7 24. Re1 Rh8 25. Qg4 Qg5 26. Qxg5 Bxg5 $11 {1/2-1/2
Kruszynski,W-Blauert,J/Lyngby op 1989 (41)}) (20. Re3 Bc5 $6 21. Rh3 Qe7 $6 22.
Nb3 Re8 23. Qd2 Kg8 24. Nxc5 Qxc5 25. Re1 Re7 26. Rxe7 Qxe7 27. Re3 Qd7 28. Qd4
Rh7 29. h3 $16 {1/2-1/2 Jurkovic,A-Nikolac,J/CRO-chT Makarska Tucepi 1995 (51)}
) 20... Bd6 (20... Rh7 21. Qd3 Bf6 22. Re2 Qd6 23. Rae1 Rh5 24. g3 Rd8 25. Nd4
Qd7 26. b4 Kg7 27. f4 a5 28. a3 Ra8 29. Nf3 axb4 30. axb4 Ra3 31. Ne5 Qa7+ 32.
Kg2 Qb7 33. Qd4 Rh8 34. g4 Kg8 35. Qc5 Be7 36. Qxc6 Qxc6 37. Nxc6 Bd6 38. Ne7+
Bxe7 39. Rxe7 Rxc3 40. Re8+ Kg7 41. Rxh8 Kxh8 42. Re8+ Kg7 43. Rb8 {1/2-1/2
Ernst,T-Todorovic,G/Vienna op 1991}) (20... Bf6 21. Re2 Rh7 (21... Rg8 22. Ne5
Qd6 23. Ng4 Kg7 24. Qd2 Rh8 25. Rae1 Rh4 26. h3 Rah8 27. Nxf6 Qxf6 28. Re7 a5
29. R1e6 Qxe6 30. Rxe6 fxe6 31. Qe3 $14 {Stisis,Y-Gyimesi,Z/Lenk-J 1993/0-1 
(81)}) 22. Qd2 (22. Qd3 Rh8 23. Rae1 Kg7 24. h3 Qd6 25. Nh2 c5 26. Ng4 Rad8 27.
Qf3 Rhf8 28. Rd1 d4 29. cxd4 {1/2-1/2 Rogic,D-Anka,E/Harkany op 1994}) 22...
Kg7 (22... Qd6 23. g4 $5 Rd8 24. g5 Bg7 25. Rae1 c5 26. h4 {צh7} d4 27. cxd4
Bxd4 28. Kg2 Be5 29. Qc2 Bd4 30. Qd2 Be5 31. Qc2 Bd4 32. Re4 Rh8 33. b4 Kg7 34.
bxc5 Bxc5 35. Qc3+ Kh7 36. Ne5 Bd4 37. Qf3 Bxe5 38. Qxf7+ Bg7 39. h5 {1-0
Sokolov,A-Flear,G/Clichy 1993}) 23. Qf4 Qb8 24. Qg4 Qc8 25. Qf4 Qb8 26. Qg4 Qc8
27. Qg3 Qb8 28. Ne5 Qd6 29. Rae1 {1/2-1/2 Kuczynski,R-Flear,G/Polanica Zdroj
1992}) 21. Re2 Rh7 22. Qd4 c5 23. Qd3 Rh5 24. a4 Kg7 25. g3 bxa4 26. Rxa4 Qf6
27. Kg2 Rf5 28. Rh4 Rh8 29. Rxh8 Kxh8 30. Re8+ Kg7 31. Ra8 Bc7 32. Qe2 Bd8 33.
Rxa6 $16 {1/2-1/2 Dvoirys,S-Micic,C/Cheliabinsk 1989 (46)}) (18. Re3 Kf8 19. a4
Rg8 20. Nd2 Bf6 21. Nf3 Kg7 22. axb5 axb5 23. Rxa8 Qxa8 24. g4 Qd8 25. Qd2 c6
26. Kg2 Rf8 27. Rd3 {1/2-1/2 Sisniega,M-Toth,C/Bogota Lat Cup Final 1991}) (18.
Re1 Kf8 19. Nd2 Bd6 20. Nf3 Rh7 21. Qd3 c6 22. Re2 Kg7 23. Rae1 Qf6 24. h3 Rhh8
25. Qd4 Qxd4 26. cxd4 $14 {1/2-1/2 Dommisse,C-Slingerland,F/NLD-ch sf Enschede
1993 (45)}) 18... Kf8 (18... Rh7 19. Nd2 Kf8 20. Nf3 Bf6 21. h3 Kg7 22. Qd3 Rh8
23. Rd1 c6 24. Ne5 Qd6 25. Ng4 Rae8 26. Rde1 Rxe2 27. Rxe2 Qf4 28. Nxf6 Qc1+
29. Kh2 Qf4+ 30. g3 Qxf6 31. Qd4 Rc8 32. Kg2 a5 33. Re7 {1/2-1/2 Magem Badals,
J-Flear,G/Palma de Mallorca 1991}) 19. Nd2 Rg8 (19... Bf6 20. Nf3 Qd6 (20...
Rh7 {Hansen,Cu} 21. Qd2 {/\ g4} Qd7 $14) (20... Rg8 $5 {Hansen,Cu /\ Kg7, Qd7,
Rge8}) 21. a4 Rd8 22. Qd3 c6 23. axb5 axb5 24. Ra6 Rh7 25. h3 $14 Qc5 26. Ne5
Bxe5 27. Rxe5 b4 28. Qg3 bxc3 29. bxc3 Qd6 30. Ra7 d4 31. cxd4 Qxd4 32. Qg5 Rb8
33. Ree7 $2 (33. Qe7+ Kg8 34. Rc7 $16) 33... Qd6 (33... f6 34. Qc1 Rxe7 35.
Qh6+ Kg8 36. Qxg6+ $11) 34. f4 $2 Rb1+ 35. Kh2 Rxh3+ $1 36. Kxh3 Rh1+ 37. Kg3
Qd3+ {0-1 Tolnai,T-Gyimesi,Z/HUN-chT 1994}) 20. Nf3 Bf6 21. Qd2 (21. Qd3 Kg7
22. a4 c6 23. Nd4 $6 (23. Ne5) 23... Qd7 $11 24. f4 bxa4 $15 {0-1 Backlund,
A-Wedberg,T/Rilton Cup 1992 (45)}) 21... Qd6 {Hansen: I don't understand why
the irritating Dh6+ should be allowed.} (21... Kg7 $1 {[%cal Yd8d6,Yg8e8]
Hansen,Cu} 22. Rd1 (22. Rae1 Qd6 $11) (22. b4 a5 $132) 22... c6 23. Ne5 Qc7 $11
) 22. Qh6+ Bg7 23. Qe3 Rh8 (23... Bf6 $5 {Hansen,Cu /\Kg7} 24. a4 Kg7) 24. a4 (
24. Rae1 Bf6 25. Ne5 Re8 26. Qg3 (26. Nxg6+ $2 Kg7) 26... Kg7 $11) 24... bxa4
25. Rxa4 Bf6 {Hansen: White has achieved the optimal position from move 19.
Black has been forced to play bxa4 instead of c7-c6.} 26. Ra5 Kg7 27. Qc5 (27.
Rd2 $5 {Hansen,Cu} c6 28. Qd3 $14) 27... Rhd8 28. Qxd6 (28. b4 $5 $14 {Hansen,
Cu}) 28... Rxd6 1/2-1/2

[Event "Ubeda"]
[Site "Ubeda"]
[Date "1997.02.15"]
[Round "6"]
[White "Jussupow, Artur"]
[Black "Khalifman, Alexander"]
[Result "1-0"]
[WhiteElo "2665"]
[BlackElo "2650"]
[Annotator "Ernst,T"]
[PlyCount "101"]
[EventDate "1997.02.07"]
[EventType "tourn"]
[EventRounds "11"]
[EventCountry "ESP"]
[EventCategory "16"]
[SourceTitle "CBM 058"]
[Source "ChessBase"]
[SourceDate "1997.06.01"]
[SourceVersion "1"]
[SourceVersionDate "1997.06.01"]
[SourceQuality "1"]

1. d4 Nf6 2. c4 g6 3. Nc3 d5 4. cxd5 Nxd5 5. e4 Nxc3 6. bxc3 Bg7 7. Be3 c5 8.
Qd2 cxd4 9. cxd4 Nc6 10. Rd1 Qa5 11. Qxa5 Nxa5 12. Bd3 (12. Nf3 O-O 13. Be2 Bd7
14. Bd2 b6 (14... Nc6 15. d5 Nd4 16. Nxd4 Bxd4 17. Bb4 Bf6 18. f4 a5 19. Ba3
Bc3+ 20. Kf2 {1-0 Babu,N-Konguvel,P/Sakthi 1996/CBM 53 (48)}) 15. O-O Rfd8 16.
Rc1 Bg4 17. d5 Nb7 18. h3 Bxf3 19. Bxf3 Nc5 20. Be3 Rac8 21. Bg4 Rb8 22. Rc4 h5
23. Bf3 e6 24. Rd1 exd5 25. exd5 Be5 26. g4 hxg4 27. hxg4 Nb7 28. Ra4 Na5 29.
g5 Rbc8 30. Be2 Bd6 31. Kg2 Bc5 32. Bd2 Rxd5 33. Bf3 Rdd8 34. Bxa5 {1/2-1/2
Karpov,A-Kasparov,G/Wch35-KK5 1990/CBM 21}) 12... O-O 13. Ne2 Bd7 14. Rb1 (14.
Rc1 Rfc8 15. Kd2 e6 16. Rxc8+ Rxc8 17. Rc1 Rxc1 18. Nxc1 Kf8 19. Ne2 a6 20. Bf4
Nc6 21. Bd6+ Ke8 22. Kc3 Bf6 23. Bc7 Be7 24. f3 {1/2-1/2 Jussupow,A-Gulko,B/
Linares 1989/CBM 11}) 14... b6 15. Kd2 Rfc8 16. Ba6 Rd8 17. Rhc1 Bc8 18. Bd3
Bb7 19. Rc7 Rac8 20. Rbc1 Rxc7 21. Rxc7 Rc8 22. Rxc8+ Bxc8 23. Nc3 Nc6 24. Nb5
Ba6 25. Kc3 Kf8 26. a4 Bb7 27. g4 Ke8 28. Bc4 Nb8 29. Kd3 a6 30. Nc7+ Kd8 31.
Nd5 Nd7 32. Nb4 a5 33. Bd5 Bxd5 34. Nxd5 e6 35. Nc3 Kc7 36. Nb5+ Kc6 37. Kc4
Bf8 38. Bf4 Bb4 39. f3 Bf8 40. d5+ exd5+ 41. exd5+ Kb7 42. Nd6+ Bxd6 43. Bxd6 {
/\ 44.g5+-} g5 $8 44. Bg3 Nf6 (44... Ka6 {Jussupow} 45. d6 h6 (45... Kb7 46.
Kb5 Nf6 47. Be5 Nd7 48. Bd4 $18 {Zugzwang!}) 46. Bf2 Ne5+ 47. Kd5 $18) 45. Be5
Nd7 46. Bd4 Kc7 47. Kb5 f6 (47... Kd6 {Jussupow} 48. Bxb6 Nxb6 49. Kxb6 Kxd5
50. Kxa5 Kc5 $1 51. Ka6 Kc6 52. a5 f6 53. Ka7 Kc7 54. a6 h6 55. h3 $1 $18) 48.
Bf2 Kd6 49. Bxb6 Ne5 50. Bxa5 Nxf3 51. Bc3 1-0

[Event "Ubeda"]
[Site "Ubeda"]
[Date "1997.02.17"]
[Round "8"]
[White "Bareev, Evgeny"]
[Black "Khalifman, Alexander"]
[Result "1/2-1/2"]
[WhiteElo "2665"]
[BlackElo "2650"]
[Annotator "Huebner,R"]
[PlyCount "41"]
[EventDate "1997.02.07"]
[EventType "tourn"]
[EventRounds "11"]
[EventCountry "ESP"]
[EventCategory "16"]
[SourceTitle "CBM 058"]
[Source "ChessBase"]
[SourceDate "1997.06.01"]
[SourceVersion "1"]
[SourceVersionDate "1997.06.01"]
[SourceQuality "1"]

1. d4 d5 2. c4 c6 3. Nf3 Nf6 4. Nc3 dxc4 5. a4 Bf5 6. Ne5 e6 7. f3 Bb4 8. e4
Bxe4 9. fxe4 Nxe4 10. Bd2 Qxd4 11. Nxe4 Qxe4+ 12. Qe2 Bxd2+ 13. Kxd2 Qd5+ 14.
Kc2 Na6 15. Nxc4 b5 16. axb5 Nb4+ 17. Kb3 ({Weiß muß} 17. Kc3 {versuchen, wenn
er Gewinnaussichten behalten will:} Qc5 (17... cxb5 18. Rd1 (18. Nb6 Qc5+ 19.
Kb3 Nc6 20. Qxb5 Qe3+ 21. Kc2 Qf2+ $11) 18... Qc5 19. Qe5 Nd5+ 20. Rxd5 Qxd5
21. Nd6+ Kf8 22. Qxd5 exd5 23. Bxb5 $14 {Z. Ribli, Slawische Verteidigung
D16-19 (Informatormonograhie), D17/76, Fußnote 473.}) 18. Kb3 $13) 17... cxb5
18. Kxb4 bxc4 19. Qxc4 Rb8+ 20. Ka3 Qa5+ 21. Qa4+ 1/2-1/2

[Event "Ubeda"]
[Site "Ubeda"]
[Date "1997.02.19"]
[Round "10"]
[White "Timman, Jan H"]
[Black "Khalifman, Alexander"]
[Result "1/2-1/2"]
[WhiteElo "2630"]
[BlackElo "2650"]
[Annotator "Hecht,H"]
[PlyCount "106"]
[EventDate "1997.02.07"]
[EventType "tourn"]
[EventRounds "11"]
[EventCountry "ESP"]
[EventCategory "16"]
[SourceTitle "CBM 058"]
[Source "ChessBase"]
[SourceDate "1997.06.01"]
[SourceVersion "1"]
[SourceVersionDate "1997.06.01"]
[SourceQuality "1"]

1. e4 {Endspiel-CD} c5 2. Nf3 d6 3. d4 cxd4 4. Nxd4 Nf6 5. Nc3 Nc6 6. Bg5 e6 7.
Qd2 a6 8. O-O-O h6 9. Be3 Be7 10. f4 Bd7 11. Kb1 b5 12. Bd3 O-O 13. Rhf1 Qc7
14. h3 Nxd4 15. Bxd4 Bc6 16. e5 dxe5 17. fxe5 Nd7 18. Qe3 Rac8 19. Rde1 Bb7 20.
Ne4 Nxe5 21. Qg3 Ng6 22. Rxf7 Rxf7 23. Qxg6 Bxe4 24. Qxe4 Kf8 25. Qh7 Bh4 26.
Bxg7+ Ke7 27. Rd1 Rd8 28. Qxh6 Qf4 29. Qxf4 Rxf4 30. Be5 Rf2 31. g3 Bf6 32. Bc7
Rxd3 33. cxd3 Rxb2+ 34. Kc1 Rxa2 35. Rd2 Bg5 36. Bf4 Bxf4 37. gxf4 {[#]
Variante: Bauernendspiel mit vereinzelten gegen verbundene Freibauern bleibt
bei korrektem Spiel remis. Partie: Abwicklung in T vs T+B bei vertikal
abgesperrtem weißen König ==> Remis durch Angriff des wT von vorn!} Ra1+ (37...
Rxd2 38. Kxd2 b4 39. Kc2 a5 40. Kb3 Kf6 41. h4 Kg6 42. d4 Kh5 $2 (42... Kh6 43.
Ka4 $11) (42... Kf5 43. h5 Kf6 44. Ka4 Kg7 45. f5 exf5 46. d5 f4 47. d6 f3 48.
d7 f2 49. d8=Q f1=Q 50. Qxa5 $11) 43. f5 exf5 44. d5 Kg6 (44... f4 45. d6 f3
46. d7 f2 47. d8=Q f1=Q 48. Qg5#) 45. d6 Kf6 46. d7 Ke7 47. h5 f4 48. h6 f3 49.
h7 f2 50. d8=Q+ Kxd8 51. h8=Q+ $18) 38. Kb2 Rf1 39. Kc3 Rxf4 (39... a5 40. Ra2
a4 (40... b4+ 41. Kb3 $11) 41. Rb2 a3 42. Ra2 Rb1 43. Kc2 $1 $11) 40. Ra2 b4+
41. Kb3 Rd4 42. h4 (42. Rxa6 Rxd3+ 43. Kxb4 e5 44. Kc4 e4 45. h4 Rd8 46. h5 $11
) 42... Kf6 43. Rxa6 Rxh4 44. Rb6 Rd4 45. Rxb4 Rxd3+ 46. Kc2 (46. Kc4 $4 {
Endspiel-CD} Rd1 $1 (46... Rd8 $4 47. Kc3 $11 (47. Rb1 $11) 47... e5 48. Rb1 $1
Kf5 49. Rf1+ $1 Kg4 50. Re1 $1 Kf4 51. Rf1+ $1 Kg3 52. Re1 $1 Rd5 53. Kc4 $1
Ra5 54. Kd3 $11) 47. Kc3 e5 48. Kc2 (48. Rb2 Kf5 49. Rf2+ Kg4 50. Re2 Kf4 51.
Kc2 Rd5 $19) 48... Rd8 49. Rb1 Kf5 50. Rf1+ Kg4 51. Re1 (51. Rd1 $2 Rxd1 52.
Kxd1 Kf3 $19) 51... Kf4 52. Rf1+ Kg3 53. Re1 Rd5 54. Rg1+ Kf2 55. Rg5 Kf3 56.
Kc3 Kf4 57. Rh5 Kg4 58. Rh8 e4 59. Rg8+ Kf3 60. Rf8+ Ke2 61. Rh8 e3 62. Rh2+
Kf1 63. Rh1+ Kg2 64. Rh8 e2 65. Rg8+ Kf1 66. Rf8+ Ke1 67. Kc2 Rc5+ 68. Kb2 Kd2
69. Rd8+ Ke3 70. Re8+ Kd3 71. Rd8+ Ke4 72. Re8+ Re5 $19) 46... Rd5 47. Rb1 Kf5
(47... e5 48. Rd1 Rxd1 49. Kxd1 Kf5 50. Ke1 $1 Kg5 51. Kf1 Kf5 52. Ke1 $11 {
Fernopposition!}) 48. Kc3 (48. Rd1 Rxd1 49. Kxd1 Ke4 50. Ke2 e5 $19) (48. Rf1+
$11 {Endspiel-CD}) 48... e5 49. Kc4 Rd4+ 50. Kc3 Rd5 (50... Ke4 51. Re1+ Kd5
52. Re2 e4 53. Rd2 $11) 51. Kc4 Rd2 52. Rf1+ (52. Kc3 $11 {Endspiel-CD}) 52...
Ke4 (52... Kg4 53. Re1 Kf4 54. Rf1+ Ke3 55. Re1+ Re2 56. Rxe2+ Kxe2 57. Kd5 $11
) 53. Re1+ Kf4 1/2-1/2

[Event "St Petersburg-ch"]
[Site "St Petersburg"]
[Date "1997.??.??"]
[Round "1"]
[White "Khalifman, Alexander"]
[Black "Orlov, Vassily"]
[Result "1-0"]
[WhiteElo "2650"]
[BlackElo "2420"]
[Annotator "Ftacnik,L"]
[PlyCount "69"]
[EventDate "1997.03.04"]
[EventType "swiss"]
[EventRounds "9"]
[EventCountry "RUS"]
[SourceTitle "CBM 058"]
[Source "ChessBase"]
[SourceDate "1997.06.01"]
[SourceVersion "1"]
[SourceVersionDate "1997.06.01"]
[SourceQuality "1"]

1. Nf3 Nf6 2. c4 g6 3. Nc3 d5 4. d4 Bg7 5. cxd5 Nxd5 6. e4 Nxc3 7. bxc3 O-O 8.
Be2 c5 9. Rb1 cxd4 10. cxd4 Qa5+ 11. Bd2 Qxa2 12. O-O Bg4 13. Be3 Rc8 $146 (
13... Nc6 14. Rxb7 (14. d5 Na5 (14... Bxf3 15. Bxf3 Ne5 (15... Na5) 16. Rxb7 (
16. Bc5 Bf6 17. Rxb7 Rfb8 18. Bxe7 (18. Rxe7 Bxe7 19. Bxe7 Rb7 20. d6 Qe6)
18... Rxb7 19. Bxf6 Re8 20. h4 (20. Qc1 Qb2 21. Qf4 Rb6 22. Kh1 a5) 20... Qa3 {
/\ Qd6} 21. Bxe5 Rxe5 22. Qd4 Qb2 {Krasenkow,M-Azmaiparashvili,Z/Erevan olm 
(04)/1996/0-1 (73)}) (16. Be2 Nc4 17. Bg5 Rfe8 18. Rxb7 Nd6 19. Rb4 a5 20. Ra4
Qb2 21. Bc1 Qb6 22. Be3 Qb2 23. Bc1 Qb6 24. Qd3 Reb8 25. Bg5 {1/2-1/2 Sakaev,
K-Notkin,M/RUS-ch Elista (01) ;56 1996 (32)}) 16... e6 (16... a5 $5) 17. dxe6 (
17. Be2 exd5 18. exd5 Rfd8 19. d6 Qe6 20. Bc5 Bf8) (17. d6 Qa6 18. Rc7 Nxf3+
19. gxf3 Be5 20. Bc5 Rfd8) 17... Qxe6 18. Rxa7 Nxf3+ 19. Qxf3 Rxa7 20. Bxa7 Re8
21. Re1 f5 {1/2-1/2 Chernin,A-Azmaiparashvili,Z/Reggio Emilia9596 (02)/ 1996})
(14... Ne5 15. Rxb7 e6 (15... Rfb8 16. Rxe7 Rb2 17. Bd4 Rxe2 18. Bxe5 Bxf3 19.
gxf3 Bxe5 20. Rxe5) 16. Re1 Bxf3 17. gxf3 Rfd8 18. Qb1 Qxb1 19. Rexb1 exd5 20.
exd5 Rac8 21. Bxa7 {1/2-1/2 Tratar,M-Jelen,Ig/SLO-ch 1994}) 15. Rb4 Bxf3 16.
Bxf3 Nc4 17. Bg5 f6 18. Bf4 Nd6 19. Bxd6 exd6 20. Rxb7 a5 21. Qd4 Rab8 22. Ra7
Qa3 23. h4 Qb4 {0-1 Hoffman,A-Sanchez Almeyra,J/Mar del Plata op (07)/1995 (30)
}) 14... Rfd8 15. d5 e6 16. Rxf7 exd5 17. exd5 Rxd5 18. Rxg7+ Kxg7 19. Qe1 Ne5
20. Bd4 Rxd4 21. Nxd4 Bxe2 22. Nxe2 Re8 23. Nc3 Qf7 24. Qa1 Kg8 25. Ne4 Qg7 {
Bewersdorff,O-Roesch,A/BL2-O 9394/1994/1/2-1/2 (52)}) (13... b6 $5) 14. Rxb7
Bd7 (14... e6 15. h3 Bxf3 16. Bxf3 $14) 15. Bd3 Bc6 16. Rb1 (16. Rxe7 $6 Bf6)
16... Ba4 17. Qe1 Nd7 (17... Bc2 18. Bxc2 Rxc2 19. Rb7 $14) 18. Qa5 Nb6 19. Ra1
Qb3 20. Ba6 Rc7 (20... Rc2 21. Bb7 Rd8 22. Qxa7 $16) 21. Rfb1 Qc2 (21... Qc3
22. Rxa4 Nxa4 23. Qxa4 $18) 22. Rc1 (22. Bf4 Rd7 23. Be5 Qxe4 24. Bxg7 Kxg7 25.
Rxb6 axb6 26. Qxa4 Rda7 $13) 22... Qb2 23. Rcb1 Qc2 24. Rc1 Qb2 25. Rxc7 Qxa1+
26. Rc1 Qb2 (26... Qa2 27. Bb7 Rd8 28. Qxa7 $18) 27. Bb7 Rd8 28. Qxa7 Be8 (
28... Qb4 29. Bd2 Qb3 30. Bg5 $18) 29. h3 Na4 (29... h6 30. d5 $18) 30. Bc6 $1
Nc3 (30... Bxc6 31. Rxc6 Qb4 32. e5 $18) 31. Qxe7 Rc8 (31... Ne2+ 32. Kf1 Rc8
33. Bxe8 Nxc1 34. Bxf7+ Kh8 35. Ne5 Qe2+ 36. Kg1 Nd3 37. Be6 $18) 32. Rxc3 Bxc6
(32... Qxc3 33. Bxe8 Qb3 34. Ne5 $18) 33. Rxc6 Qb1+ (33... Rxc6 34. Qe8+ Bf8
35. Qxc6 $18) 34. Kh2 Qb8+ 35. Qd6 1-0

[Event "St Petersburg-ch"]
[Site "St Petersburg"]
[Date "1997.03.07"]
[Round "3"]
[White "Khalifman, Alexander"]
[Black "Svidler, Peter"]
[Result "1/2-1/2"]
[WhiteElo "2650"]
[BlackElo "2640"]
[PlyCount "22"]
[EventDate "1997.03.04"]
[EventType "swiss"]
[EventRounds "9"]
[EventCountry "RUS"]
[SourceTitle "CBM 058"]
[Source "ChessBase"]
[SourceDate "1997.06.01"]
[SourceVersion "1"]
[SourceVersionDate "1997.06.01"]
[SourceQuality "1"]

1. d4 Nf6 2. Nf3 g6 3. g3 d5 4. Bg2 Bg7 5. O-O O-O 6. c4 c6 7. cxd5 cxd5 8. Nc3
Ne4 9. Ne5 Nxc3 10. bxc3 Nc6 11. Nxc6 bxc6 1/2-1/2

[Event "St Petersburg-ch"]
[Site "St Petersburg"]
[Date "1997.??.??"]
[Round "5"]
[White "Khalifman, Alexander"]
[Black "Popov, Valerij"]
[Result "1-0"]
[WhiteElo "2650"]
[BlackElo "2430"]
[Annotator "Mowsziszian,K"]
[PlyCount "65"]
[EventDate "1997.03.04"]
[EventType "swiss"]
[EventRounds "9"]
[EventCountry "RUS"]
[SourceTitle "CBM 058"]
[Source "ChessBase"]
[SourceDate "1997.06.01"]
[SourceVersion "1"]
[SourceVersionDate "1997.06.01"]
[SourceQuality "1"]

1. d4 g6 2. e4 Bg7 3. Nf3 d6 4. Nc3 a6 5. Be2 b5 6. O-O Bb7 (6... Nd7 7. Re1 c5
8. Bf1 cxd4 9. Nxd4 Bb7 10. a4 b4 11. Nd5 Ngf6 12. Nxb4 Qb6 13. c3 Nxe4 14. a5
Qc7 15. Nxa6 Bxa6 16. Rxe4 d5 17. Re3 Bxf1 18. Kxf1 Qxh2 19. Rh3 Qb8 20. Qa4 e5
21. Nc6 Qd6 22. b4 {0-1 Kristensen,K-Welling,G/Copenhagen (02) ;EXP 45 1995 
(38)}) 7. Re1 Nd7 8. Bg5 c5 9. a4 (9. d5 Ngf6 10. Bf1 O-O 11. Qd2 Qc7 12. Rad1
Rfe8 13. Bh6 Rad8 14. Qf4 Ne5 15. Nxe5 dxe5 16. Qh4 Bxh6 17. Qxh6 e6 18. Qg5
Nxd5 19. exd5 exd5 20. f4 b4 21. Nxd5 Rxd5 22. Rxd5 Bxd5 23. Rxe5 Rxe5 24. Qxe5
Qxe5 25. fxe5 {0-1 Doncevic,D-Nunn,J/BL 8384 (1984) ;BL 1984 (43)}) 9... h6 10.
Bh4 cxd4 (10... b4 11. Nd5 $1 {><e7} g5 12. Bg3 e6 13. Bxd6 $1 exd5 14. exd5
$18) 11. Nxd4 Qb6 12. Nb3 Bxc3 13. bxc3 Ngf6 14. axb5 axb5 15. Rxa8+ Bxa8 16.
Nd4 Bxe4 (16... g5 17. Bg3 Nxe4 18. Bxb5 Nxc3 $2 19. Qa1 $1) (16... b4 $5 {
Der Bauer auf g6 verteidigt den Königsflügel ausreichend.} 17. Bxf6 (17. cxb4
Qxb4 18. Bb5) 17... Nxf6 18. Bb5+ Kf8 19. cxb4 e5) 17. Bxb5 g5 18. Bg3 e5 19.
f3 Bg6 20. Bf2 Qc7 21. Bf1 Ke7 $6 (21... O-O $142 22. Nb5 Qc6 23. Nxd6 (23.
Qxd6 Qxd6 24. Nxd6 Bxc2 $14) 23... Qxc3 $14) 22. Qd2 Rb8 23. Nb5 Qc6 24. c4 Ne8
25. h4 $1 f6 26. Bd3 $1 {Nach zwei guten weißen Zügen ist die schwarze
Königsposition unsicher geworden.} Bxd3 27. Qxd3 gxh4 28. Nd4 Qa4 29. Qh7+ Kd8
30. Ne6+ Kc8 31. Qe7 Kb7 32. Rb1+ Ka8 33. Qxe8 $1 1-0